000 00437nam a22001697a 4500
005 20180327154215.0
008 160518b xxu||||| |||| 00| 0 eng d
020 _a978-81-8488-697-9
041 _aeng
082 _b2699
_a338.7
100 _aCherunilam Francis
_9393
245 _aBusiness Environment Text & cases
260 _aNew Delhi
_bHimalaya Publishing House,
_c1985
300 _a770
650 _aManagement
_9241
942 _cBK
999 _c975
_d975